000 00614nam a2200217 a 4500
005 20210219152857.0
008 991125n 000 0 spa u
035 _aUPN01000064799
100 _aPEÑA TOME, Eduardo
222 _aCONESCAL :
222 _bREVISTA ESPECIALIZADA EN CONSTRUCCIONES ESCOLARES
245 _aAreas de absorción en una red de edificios escolares
260 _aMEXICO
300 _a49-68
362 _a1978 No. 47, jul.-sep.
653 0 _aCONSTRUCCIONES ESCOLARES
653 0 _aINSTALACIONES EDUCATIVAS
653 0 _aMEDIO URBANO
904 _aAC
_b002610
905 _aArticulo
999 _c62741
_d62741